000
00286nam a22001337a 4500
008
221110b ||||| |||| 00| 0 eng d
041
_a
eng
080
_a
7
082
_a
7
100
_a
21.2
101
_a
ART
245
_a
PHILOSOPHY LOOKS AT THE ARTS
_c
MARGOLIS J
942
_2
udc
_c
BK
999
_c
58852
_d
58852